| 000 | 01093nam a2200301Ia 4500 | ||
|---|---|---|---|
| 001 | Z_742 | ||
| 003 | CHAP | ||
| 008 | 220113s1990 xx 000 0 und d | ||
| 010 | _a163835 | ||
| 040 | _cCHAP | ||
| 090 | _aTesis G 611 | ||
| 100 |
_aGonzález López, Celso _949105 |
||
| 245 |
_aEfecto del período de descanso sobre el crecimiento y utilización de una pradera asociada gramínea (Dactylis glomerata var. potomac) y Leguminosa (Medicago sativa var. Valenciana) (julio - noviembre 1988.) / _cpor Celso González López, Carlos Lucio Niño y José Luis Monsivais Mauricio |
||
| 260 |
_aChapingo, Méx. : _bEl autor, _c1990 |
||
| 300 | _a92 h. ; gráfs. | ||
| 502 | _aTesis (Ing. Agrónomo Esp. en Zootecnia) -- UACH. Departamento de Zootecnia | ||
| 650 | _aAlfalfa | ||
| 650 |
_aDactylis glomerata _930865 |
||
| 650 |
_aPraderas _991230 |
||
| 650 |
_aSiembra múltiple _9137616 |
||
| 700 |
_aI. Niño Carlos, Lucio II. Monsivais Mauricio, José Luis _9137881 |
||
| 901 | _aTESIS G 611 | ||
| 902 | _aM | ||
| 910 | _a1990 | ||
| 942 | _c2 | ||
| 942 | _c2 | ||
| 999 |
_c163835 _d163835 |
||